000
00245nam a2200121Ia 4500
100
_a
SHARMA/P.C.
942
_c
BK
245
_a
Production technology
260
_b
S.Chand & Co.
_c
1999
082
_a
671/SHA
300
_a
643
546
_a
ENGLISH
999
_c
17763
_d
17763